000 00344 a2200169 4500
001 161457
020 _a85-281-0023-5
040 _cMagnum
100 _aPaes, Jose Paulo
240 1 0 _aÉ isso ali
_lpor
245 1 0 _aÉ isso ali
300 _a31
362 0 _a1993
440 1 _aSalamandra
697 _aLITERATURA INFANTO
942 _cBK
999 _c161457
_d161457